000 00495nam a2200157Ia 4500
008 100204s9999 xx 000 0 und d
082 _b28970
100 _aमोने उत्तरा
245 _aछंद माझा वेगळा
250 _a0
260 _b"नवचैतन्य प्रकाशन, मुंबई"
_c2008
300 _a96
630 _aछंद माझा वेगळा
730 _aछंद माझा वेगळा
942 _cBOOK
999 _c474161
_d474158